00325nam a2200121Ia 4500008004100000041001200041082001100053100001100064245006400075260003800139300001000177650001600187221030s9999 xx 000 0 und d aEnglish a105.23 aB. Ram 0aFundamentals Of Microprocessors & Microcomputerscby B. Ram bDhanpat Rai Pub.aNew Delhic2004 a13.15 aBE Computer